North Korean Diplomatic Missions Quiz Stats

 Plays Quiz not verified by Sporcle

Score 0/44 Timer 08:00
0 Plays Today
Continent Country % Correct
EuropeUnited Kingdom
92.9%
EuropeRussia
91.4%
AsiaChina
90%
North AmericaCuba
85%
AsiaIndia
82.1%
EuropeGermany
81.4%
North AmericaMexico
79.3%
South AmericaBrazil
79.3%
EuropePoland
78.6%
AsiaIran
78.6%
EuropeSweden
77.9%
AsiaVietnam
77.1%
AfricaEgypt
76.4%
AsiaPakistan
75.7%
AfricaSouth Africa
75%
AsiaIndonesia
73.6%
AsiaThailand
73.6%
AsiaLaos
71.4%
EuropeItaly
70.7%
EuropeSwitzerland
70%
AsiaCambodia
70%
AsiaMalaysia
70%
Continent Country % Correct
South AmericaPeru
67.9%
AfricaNigeria
65%
EuropeAustria
63.6%
EuropeBulgaria
63.6%
EuropeRomania
63.6%
AfricaLibya (has not been recognized by NTC)
62.9%
AsiaSyria
62.9%
EuropeCzech Republic
61.4%
AsiaMongolia
58.6%
AfricaEthiopia
57.9%
AsiaSingapore
57.1%
AsiaBangladesh
56.4%
AsiaNepal
54.3%
AsiaUzbekistan
52.9%
AsiaYemen
52.1%
AfricaTanzania
50.7%
AsiaLebanon
50%
AfricaGhana
46.4%
AfricaUganda
45.7%
AsiaKuwait
43.6%
AfricaGuinea
36.4%
AfricaEquatorial Guinea
34.3%

You're not logged in!

Compare scores with friends on all Sporcle quizzes.
OR
Log In

Show Comments

Extras

Top Quizzes Today


Score Distribution

Your Account Isn't Verified!

In order to create a playlist on Sporcle, you need to verify the email address you used during registration. Go to your Sporcle Settings to finish the process.

Report this User

Report this user for behavior that violates our Community Guidelines.

Details: